Statistics for Marvel's Iron Man 2 (2010) All Main Characters

Click here to take the quiz!

General Stats

  • This quiz has been taken 22 times
  • The average score is 9 of 13

Answer Stats

HintAnswer% Correct
Scarlett JohanssonBlack Widow/ Natasha Romanoff
100%
Robert Downey Jr.Iron Man/ Tony Stark
100%
Samuel L. JacksonNick Fury
95%
Gwyneth PaltrowPepper Potts
89%
Don CheadleWar Machine/ James Rhodes
89%
Jon FavreauHappy Hogan
74%
Mickey RourkeWhiplash/ Ivan Vanko
74%
Clark GreggPhil Coulson
68%
HimselfStan Lee
68%
Sam RockwellJustin Hammer
53%
John SlatteryHoward Stark
47%
Max FavreauPeter Parker/ Spider-Man
16%
Leslie BibbChristine Everhart
11%

Score Distribution

Percentile by Number Answered

Percent of People with Each Score

Your Score History

You have not taken this quiz